Random LEGO Part Names 2 - Statistics

General Stats
  • This quiz has been taken 17 times
  • The average score is 6 of 8
Answer Stats
Picture Answer % Correct
Torso
100%
Stairs
87%
Round Tile
73%
Hinge Plate
67%
Motor
67%
Technic Plate
67%
BURP
60%
Cylinder Half
47%
No matching quizzes found
Score Distribution
Percent of People with Each Score
Percentile by Number Answered
Your Score History
You have not taken this quiz